000
00332 a2200157 4500
001
177315
020
_a
040
_c
Magnum
100
_a
Dinorah, Maria
240
1
0
_a
Coragem de sonhar
_l
por
245
1
0
_a
Coragem de sonhar
362
0
_a
1899
440
1
_a
Moderna
697
_a
MAGNITO: J/ADOLESCENTE, NAMORO
942
_c
BK
999
_c
177315
_d
177315